=LDR 00000nam 2200000 4500 =001 INLIS000000000058947 =005 20211014025250 =035 ##$$a 0010-1021000395 =007 ta =008 211014###########################0#ind## =020 ##$$a 978-602-6563-99-6 =082 ##$$a 028.5 =084 ##$$a 028.5 Dan c =245 1#$$a Caraku Memotong Kuku /$c Dania Fatma =300 ##$$a 24 halaman : $b Ilustrasi ; $c 20 cm =650 #4$$a Bacaan kanak-Kanak - Nabi =264 ##$$a Depok :$b Senja Media Utama,$c 2021 =336 ##$$a teks$2 rdacontent =337 ##$$a lain-lain$2 rdamedia =338 ##$$a lain-lain$2 rdacarrier =990 ##$$a 20402040 =990 ##$$a 20402040